| 000 | 00797 a2200241 4500 | ||
|---|---|---|---|
| 005 | 20251219153320.0 | ||
| 008 | 251219b |||||||| |||| 00| 0 eng d | ||
| 020 | _a978-93-6080-321-6 | ||
| 037 | _cTB | ||
| 040 |
_aCRL _cCRL |
||
| 041 |
_2eng _aeng |
||
| 084 |
_aV49G.P1 R5 _qCRL |
||
| 245 | _aConflict, peace and human security in South Asia | ||
| 260 |
_aNew Delhi, India: _bManohar Publishers, _c2025. |
||
| 300 | _a199p. | ||
| 365 |
_b1295.00 _cINR |
||
| 650 |
_aSouth Asia-History _9858150 |
||
| 650 |
_aPeace _9858151 |
||
| 650 |
_aPolitical Parties _9858152 |
||
| 700 |
_aKarki, Purna Bahadur _eEditor _9858153 |
||
| 942 |
_cTB _2CC _n0 _hV49G.P1 R5 |
||
| 999 |
_c1435333 _d1435333 |
||